Countries That Produce The Most Yarn - Statistics

General Stats
  • This quiz has been taken 76 times
  • The average score is 14 of 20
Answer Stats
% Of Total Produced Answer % Correct
39.7% China
100%
8.06% United States
96%
5.01% United Kingdom
93%
7.08% India
91%
0.66% Spain
89%
5.63% France
88%
4.13% Germany
88%
8.16% Japan
88%
2.03% Italy
82%
0.40% Mexico
79%
4.76% Turkey
79%
0.44% Lithuania/Indonesia
77%
0.92% South Korea
75%
0.54% Portugal
61%
1.02% Taiwan
54%
0.46% Austria
45%
4.75% Belgium
45%
0.87% Hungary
41%
0.81% Slovenia
14%
1.10% Georgia
11%
No matching quizzes found
Score Distribution
Percent of People with Each Score
Percentile by Number Answered
Your Score History
You have not taken this quiz